| 000 | 00411 a2200145 4500 | ||
|---|---|---|---|
| 999 |
_c8700 _d8700 |
||
| 020 | _a0702128716 | ||
| 050 | _aKF746GEA1993 | ||
| 100 | _aGeach, W.D. | ||
| 245 |
_aHandbook for executors, trustees and curators / _cW.D Geach |
||
| 264 |
_aCapeTown _bJuta and Company _c1995 |
||
| 300 | _a504p. | ||
| 500 | _aIncludes index | ||
| 650 | _aHandbook---executors---trustees---curators | ||
| 942 |
_2lcc _cBK _h746 _iGEA _kKF |
||